Pengantar kesenian Melaka

Bibliographic Details
Format: Book
Published: K.L : U.M , 1989
Subjects:

MARC

LEADER 00000cam a2200000 7i4500
001 0000003027
002 000003276
005 20080111.0
020 |a 9839963155 
090 0 0 |a 390.09595   |b PEN 
245 0 0 |a Pengantar kesenian Melaka   |c di sunting oleh Dr.Omar Farouk Bajunid 
260 |a K.L :   |b U.M ,   |c 1989 
300 |a 95p. :   |b ill. ;   |c 20cm. 
650 0 0 |a Malacca   |x Social life and customs 
999 |a 036606   |b BUKU   |c MALAYSIANA   |e PERPUSTAKAAN KOMUNITI PETALING JAYA